GTA Protagonists - Statistics

General Stats
  • This quiz has been taken 112 times
  • The average score is 13 of 33
Answer Stats
Game Protagonist % Correct
GTA V Franklin Clinton
95%
GTA V Trevor Philips
94%
GTA IV Niko Belic
89%
GTA San Andreas Carl Johnson
88%
GTA V Michael De Santa
86%
GTA Vice City Tommy Vercetti
80%
GTA II Claude Speed
73%
GTA III Claude Speed
73%
GTA London Johnny Hawtorn
65%
GTA IV The Lost and Damned Johnny Klebitz
65%
GTA VI Lucia Caminos
65%
GTA Vice City Stories Victor Vance
59%
GTA VI Jason Duval
58%
GTA IV The Ballad of Gay Tony Luis Fernando Lopez
57%
GTA Liberty City Stories Toni Cipriani
49%
GTA Chinatown Wars Huang Lee
42%
GTA Advance Mike
36%
GTA I Bubba
16%
GTA I Katie
10%
GTA I Troy
10%
GTA London Charles Jones
9%
GTA I Mikki
9%
GTA I Ulrika
9%
GTA I Kivlov
7%
GTA London Mick Casey
7%
GTA Online Online Character
7%
GTA I Travis
7%
GTA I Divine
6%
GTA London Maurice Caine
6%
GTA London Rodney Morash
6%
GTA London Winston Henry
6%
GTA London Wolfie Vilans
6%
GTA London Sid Vacant
5%
No matching quizzes found
Score Distribution
Percent of People with Each Score
Percentile by Number Answered
Your Score History
You have not taken this quiz